000
00325nam a2200169Ia 4500
100
_a
Sklar/David
650
_a
PHP
942
_c
BK
366
_f
20
654
_a
PHP
245
_a
Learning PHP 5
260
_b
Oreilly
_c
2004
082
_a
5.183
_b
SKL
300
_a
348
546
_a
ENGLISH
_c
electronics
999
_c
32682
_d
32682